00969cam a22002535a 4500001001000000003000400010005001700014008004100031020002500072040004000097082002000137100002800157245009500185260004800280300005100328500002500379504004100404650003100445650003600476653003700512942000800549999001700557952014100574016494921OSt20151116152410.0130802t2014 inua frb 001 0 eng d a9781118661468 (pbk.) aStDuBDSbengcStDuBDSdUkdEG-ScBUE04a006.31222bFOR1 aForeman, John W.93876010aData smart :busing data science to transform information into insight /cJohn W. Foreman. aIndianapolis :bJohn Wiley & Sons,cc.2014. axx, 409 p. :bill. (black and white) ;c24 cm. aIndex : p. 401-409.  aIncludes bibliographical references. 7aData mining.2BUEsh927695 7aWeb sites97205xDesign.2BUEsh bCOMSCIcAugust2015cNovember2015 2ddc c20683d20655 00102ddc40708BaccahaMAINbMAINcLOWd2015-08-24ePurchaseg263.00h23317l0o006.31 FORp000039703r2025-07-15 00:00:00v329.00yBB